If you don’t make waves, you’ll drown : 10 hard charging strategies for leading in politically correct times

محفوظ في:
التفاصيل البيبلوغرافية
المؤلف الرئيسي:  Anderson, Dave
التنسيق: Sách
اللغة:Undetermined
منشور في:  J. Wiley & Sons, Inc  2005
الموضوعات:
الوسوم: إضافة وسم
لا توجد وسوم, كن أول من يضع وسما على هذه التسجيلة!
Thư viện lưu trữ: Trung tâm Thư viện - Trường Đại học Công nghiệp TP. Hồ Chí Minh
LEADER 00565nam a2200157Ia 4500
001 UIH_04050
008 231011s9999 xx 000 0 und d
082 |a  658.409 
100 |a  Anderson, Dave 
245 0 |a  If you don’t make waves, you’ll drown : 10 hard charging strategies for leading in politically correct times 
245 0 |c  Anderson, Dave 
260 |b  J. Wiley & Sons, Inc 
260 |c  2005 
650 |a  Người quản lý;  
927 |a Sách 
980 |a Trung tâm Thư viện - Trường Đại học Công nghiệp TP. Hồ Chí Minh